MARC

LEADER 00000nas a2200000 a 4500
001 ssj0012500
003 WaSeSS
005 20200512172242.0
006 m d
007 cr n
008 881007d19882002orumr p s 0 a0eng c
010 |a sn 88007871  
015 |a 01577385X  |2 dnb 
016 7 |a 01577385X  |2 DE-101 
016 7 |a 1045390-8  |2 DE-600 
016 7 |a 8900892  |2 DNLM 
016 7 |a SR0063280  |z SR0072674  |2 DNLM 
016 7 |a 011101725  |2 Uk 
022 |l 1040-8304  |y 1040-8304 
030 |a BPRME5 
030 |a BIMAEV 
035 |a (WaSeSS)ssj0012500 
037 |b BioPharm, P.O. Box 6128, Duluth, MN 55806-6128  |c $64.00 
040 |a NSD  |b eng  |c NSD  |d NLM  |d NSD  |d NST  |d NSD  |d CAS  |d OCL  |d NSD  |d AGL  |d IUL  |d DLC  |d NSD  |d OCLCQ  |d GBVCP  |d UKMGB  |d OCLCO  |d OCLCQ  |d OCLCF  |d OCLCO  |d OCLCQ  |d OCLCO  |d WaSeSS 
042 |a nsdp  |a pcc 
050 0 0 |a RS380  |b .B547a 
060 0 0 |a W1  |b BI876MC 
070 0 |a RM301.4.B55 
072 0 |a X300 
072 0 |a X500 
072 0 |a X380 
082 1 0 |a 615  |2 11 
130 0 |a Biopharm (Eugene, Or.) 
210 0 |a Biopharm  |b (Eugene Or.) 
222 0 |a Biopharm  |b (Eugene, Or.) 
245 1 0 |a Biopharm  |h [electronic resource]. 
260 |a [Eugene, OR] :  |b [Aster Pub. Corp.],  |c [©1988]- 
310 |a Monthly,  |b <2000-> 
321 |a Frequency varies,  |b 1988-1993 
321 |a Monthly (except Feb. and Aug.),  |b 1994- 
362 0 |a Vol. 1, no. 8 (Sept. 1988)- 
362 1 |a Ceased in 2002. 
506 |a License restrictions may limit access. 
525 |a Includes supplements. 
588 |a Latest issue consulted: Vol. 15, no. 1 (Jan. 2002). 
650 0 |a Pharmaceutical biotechnology  |v Periodicals. 
650 0 |a Pharmaceutical technology  |v Periodicals. 
650 0 |a Pharmacology  |v Periodicals. 
650 2 |a Biopharmaceutics. 
650 2 |a Technology, Pharmaceutical. 
650 7 |a Pharmaceutical biotechnology.  |2 fast  |0 (OCoLC)fst01060106 
650 7 |a Pharmaceutical technology.  |2 fast  |0 (OCoLC)fst01060211 
650 7 |a Pharmacology.  |2 fast  |0 (OCoLC)fst01060259 
655 0 |a Electronic journals. 
780 0 0 |t Biopharm manufacturing  |x 1040-8045  |w (DLC)sn 88002843  |w (OCoLC)18539555 
785 0 0 |t Biopharm international  |x 1542-166X  |w (DLC) 2002215336  |w (OCoLC)50813293 
850 |a DLC  |a DNAL  |a DNLM  |a InU  |a NjR 
856 4 0 |z Full text available from Research Library: 01/01/1998 to 10/31/2002  |u https://search.proquest.com/publication/27334